Magyar Paedagogiai [!Pedagógiai] Társaság felolvasó ülés 1900 deczember [!december] hó 15-én

Elmentve itt :
Bibliográfiai részletek
Dokumentumtípus: Cikk
Megjelent: 1901
Sorozat:Magyar pedagógia : a Magyar Tudományos Akadémia Pedagógiai Bizottságának folyóirata 10
Kulcsszavak:Pedagógia 1901
Online Access:http://misc.bibl.u-szeged.hu/7674
LEADER 00655nab a2200169 i 4500
001 misc7674
005 20191106144053.0
008 170607s1901 hu o 0|| hun d
022 |a 0025-0260 
040 |a SZTE Miscellanea Repozitórium  |b hun 
041 |a hun 
245 0 0 |a Magyar Paedagogiai [!Pedagógiai] Társaság   |h [elektronikus dokumentum] :  |b felolvasó ülés 1900 deczember [!december] hó 15-én 
260 |c 1901 
300 |a 61-64 
490 0 |a Magyar pedagógia : a Magyar Tudományos Akadémia Pedagógiai Bizottságának folyóirata  |v 10 
695 |a Pedagógia 1901 
856 4 0 |u http://misc.bibl.u-szeged.hu/7674/1/mp_1901_061-064.pdf  |z Dokumentum-elérés